000 00873nas a2200265 i 4500
001 2286
003 ES-MaACL
005 20250416141734.0
007 t|
008 950801c1987 sp m| | 1 ||pa d
080 _a460
245 0 0 _aTemas culturales
_b: prensa internacional /
_cOficina del Portavoz del Gobierno, Dirección General de Cooperación Informativa.
260 _aMadrid :
_bDirección General de Cooperación Informativa,
_c[1987?]-
300 _a2 v. ;
_ccm.
310 _aMensual
362 0 _aN. 1 [1987?]-
650 1 4 _aRevistas de información general.
_916896
655 7 _2tgfbne
_9226866
_aRevistas
710 1 _aEspaña.
_bOficina del Portavoz del Gobierno.
_9167140
852 _aES-MaACL
_jHem-1723
866 0 _o(1987-1988).
942 _2udc
_cPERIODICA
999 _c2286
_d2286